| 000 | 01741nam0a2200361 i 4500 | ||
|---|---|---|---|
| 001 | RU\NLR\BIBL_A\011132483 | ||
| 005 | 20241101011611.0 | ||
| 010 |
_a9785000382479 _9100 |
||
| 021 |
_aRU _b2016-35456 _92276 |
||
| 035 | _a(NILC)RuMoRGB-008475088 | ||
| 035 | _a(NLR Aleph) 011132483 | ||
| 090 |
_a11575577 _c11575577 |
||
| 100 | _a20160519d2016 k y0rusy50 ca | ||
| 101 | 0 | _arus | |
| 102 | _aRU | ||
| 105 | _aac j 000yy | ||
| 200 | 1 |
_aРетенционнология с ТФ в зубах и при заболеваниях пародонта _dRetentiology and TF of teeth and diseases of parodontium _eлечение зубов и околозубных тканей _eстоматологический практикум _fА. Е. Степанов _zeng |
|
| 210 |
_aМосква _cиздатель Мархотин П. Ю. _d2016 |
||
| 215 |
_a148, [1] с. _cил., портр. _d29 |
||
| 320 | _aБиблиогр.: с. 148 (29 назв.) | ||
| 510 | 1 |
_6z45790 _aRetentiology and TF of teeth and diseases of parodontium _zeng |
|
| 606 | 1 |
_aЗубные болезни _xЭтиология и патогенез _91131363 _3RU\NLR\AUTH\66449333 |
|
| 606 | 1 |
_aЗубные болезни _xТерапия _9953752 _3RU\NLR\AUTH\6636166 |
|
| 675 | _a616.3 | ||
| 686 | 1 | _aР661.21 | |
| 700 | 1 |
_7ca _8rus _aСтепанов _bА. Е. _cстоматолог _gАлександр Ефремович _9154320 _3RU\NLR\AUTH\770154358 |
|
| 790 | 1 |
_7ba _8rus _aStepanov _bА. Е. _cстоматолог _gAleksandr Efremovič _9154322 _3RU\NLR\AUTH\770154360 |
|
| 801 | 0 |
_aRU _bРГБ _c20160429 _gRCR |
|
| 801 | 2 |
_aRU _bРГБ _c20160505 _grcr |
|
| 942 | _cBOOK | ||
| 980 | _aNBR | ||